| 000 | 00842cam a2200265 a 4500 | ||
|---|---|---|---|
| 999 |
_c331820 _d331820 |
||
| 001 | 2892891 | ||
| 003 | NUST | ||
| 005 | 20171027121858.0 | ||
| 008 | 870930s1986 pk acf 000 0beng | ||
| 010 | _a 86931857 | ||
| 020 |
_cRs15.00 (pbk.) _a969416074X |
||
| 040 |
_aDLC _cDLC _dDLC |
||
| 050 | 0 | 0 |
_aDS481.I65 _bA65 1986 |
| 082 | 0 | 0 |
_a954.035092 _bAHM |
| 100 | 1 |
_aAhmad, Doris. _95695 |
|
| 245 | 1 | 0 |
_aIqbal, as I knew him / _cby Doris Ahmad. |
| 250 | _a1st ed. | ||
| 260 |
_aLahore : _bIqbal Academy Pakistan, _c1986. |
||
| 300 |
_a54 p., [7] p. of plates : _bill., ports. ; _c22 cm. |
||
| 600 | 1 | 0 |
_aIqbal, Muhammad, _cSir, _d1877-1938. _920 |
| 600 | 1 | 0 |
_aAhmad, Doris. _95695 |
| 906 |
_a7 _bcbc _corignew _d3 _encip _f19 _gy-gencatlg |
||
| 942 |
_2ddc _cBK |
||